Diseño de 520 mts de adoquinado por el método AASHTO - 93 en los barrios La Unión y Leonel Rugama en el municipio de Estelí, departamento de Estelí
Presenta el diseño de 520 mts de adoquinado por el método AASHTO - 93 en los barrios La Unión y Leonel Rugama en el municipio de Estelí, departamento de Estelí, se realiza un estudio de transito por medio de aforos para la determinación del tránsito promedio diario anual TPDA y la capacidad...
| Main Author: | |
|---|---|
| Other Authors: | |
| Format: | Tesis Section = Libro |
| Language: | Undetermined Spanish |
| Published: |
Managua
UNI/RUACS
2015
|
| Subjects: |
| LEADER | 01417nam a2200241Ia 4500 | ||
|---|---|---|---|
| 008 | 240830s9999 xx 000 0 und d | ||
| 040 | |a BIBLIOTECA-RUPAP T.Mon 625.8 R277 | ||
| 041 | |a spa | ||
| 082 | |a T.Mon 625.8 R277 | ||
| 100 | 1 | |a Rayo Payán, Dennis Alonzo | |
| 245 | 1 | 0 | |a Diseño de 520 mts de adoquinado por el método AASHTO - 93 en los barrios La Unión y Leonel Rugama en el municipio de Estelí, departamento de Estelí |
| 260 | |a Managua |b UNI/RUACS |c 2015 | ||
| 300 | |a 58 p. :il. | ||
| 500 | |a Contiene: anexos. | ||
| 502 | |a Tesis (Ingeniero Civil)- UNI, 2015. | ||
| 520 | 3 | |a Presenta el diseño de 520 mts de adoquinado por el método AASHTO - 93 en los barrios La Unión y Leonel Rugama en el municipio de Estelí, departamento de Estelí, se realiza un estudio de transito por medio de aforos para la determinación del tránsito promedio diario anual TPDA y la capacidad de carga que debe de tener el pavimento para su diseño, analizar las características físico mecánicas del suelo del sitio y del banco de préstamo con el fin de garantizar el material adecuado a utilizar y el diseño de la estructura de pavimento articulado empleando el método ASHHTO-93. | |
| 650 | 7 | |a DISEÑO DE ESTRUCTURA DE PAVIMENTO | |
| 650 | 7 | |b ESTUDIO DE TRANSITO | |
| 650 | 7 | |c ESTUDIO DE SUELO | |
| 700 | 1 | |a Tutor: |b Parajón Centeno, Llich | |
| 942 | |c BK |2 ddc | ||
| 991 | |a TESIS | ||
| 999 | |c 18246 | ||